44 [i.e. Cuarenta y cuatro] piezas para piano : para el grado preparatorio /

Uloženo v:
Podrobná bibliografie
Hlavní autor: Alcázar, Miguel (ed.)
Další autoři: Ladrón de Guevara, Raúl (presentación) (presentación)
Médium: Kniha
Jazyk:španělština
Edice:(LCM ; 33)
Témata:
Tagy: Přidat tag
Žádné tagy, Buďte první, kdo vytvoří štítek k tomuto záznamu!

MARC

LEADER 00000nam^a2200000^a^4500
001 000281974
005 20250521000000.0
008 081013 1982
009 20260310111552.082
037 |a Acervo ITESO - Biblioteca 
041 |a ESP 
082 |a 784. 08  |b ALC 
100 |a Alcázar, Miguel  |e (ed.) 
245 1 0 |a 44 [i.e. Cuarenta y cuatro] piezas para piano :  |b para el grado preparatorio /  |c Ed. de M. Alcázar ; presen. de R. Ladrón de Guevara. 
264 |a México :  |b Liga de Compositores de Música de Concierto de México,  |c 1982 
300 |a 63 p. 
336 |a texto  |b txt  |2 rdacontenido 
337 |a sin mediación  |b n  |2 rdamedio 
338 |a volumen  |b nc  |2 rdasoporte 
440 1 |a (LCM ;  |v 33) 
649 |a XX 
650 |a Piano -  |x Partituras -  |x Tema Principal 
650 |a Piano -  |z México -  |x Partituras 
650 |a Música Moderna -  |x Partituras 
650 |a Música Moderna -  |z México -  |x Partituras 
650 |a Música de Cámara -  |x Partituras 
650 |a Música de Cámara -  |z México -  |x Partituras 
650 |a Música de Concierto -  |x Partituras 
650 |a Música de Concierto -  |z México -  |x Partituras 
650 |a Música Mexicana -  |x Partituras 
650 |a Música Mexicana -  |y Siglo XX 
700 |a Ladrón de Guevara, Raúl  |e (presentación) 
910 |a Fondo General 
920 |a Impresos - Libros 
930 |a Reserva Especial 
905 |a 103 
901 |a 0500168461  |b IT2  |c FOL  |u 20250521 
902 |a https://opac.biblio.iteso.mx/vufind/Record/000281974